Statistiques concernant Pays les plus proches aux États-Unis

Cliquez ici pour prendre le quiz!

Statistiques générales

  • Ce quiz a été pris 622 fois
  • Le résultat moyen est 15 sur 22

Statistiques - réponses

DistancePays% Correct
0 kmCanada
100%
0 kmMexique
99%
150 kmCuba
91%
931 kmHaïti
84%
1680 kmPanama
82%
1051 kmGuatemala
80%
1534 kmCosta Rica
78%
978 kmHonduras
78%
85 kmBahamas
76%
758 kmJamaïque
76%
1695 kmColombie
74%
1804 kmVenezuela
73%
1080 kmNicaragua
73%
930 kmBelize
73%
1358 kmSalvador
71%
1070 kmRépublique Dominicaine
70%
3 kmRussie
68%
2160 kmFrance (Guadeloupe)
65%
2198 kmJapon
53%
2110 kmAntigua-et-Barbuda
46%
1666 kmKiribati
17%
2008 kmSaint-Christophe- et-Niévès
15%

Distribution des résultats

Percentile par nombre de réponses

% des personnes avec chaque résultat

Votre développement - résultats

Vous n’avez pas pris ce quiz